Los jóvenes y la universidad: testimoniar a Cristo en el ambiente universitario. VIII Fórum Internacional de Jóvenes, Rocca di Papa, 31 marzo - 4 de abril de 2004

Salvato in:
Dettagli Bibliografici
Ente Autore: Pontificium Consilium pro Laicis (Autore)
Natura: Libro
Lingua:spagnolo
Pubblicazione: Ciudad del Vaticano Libreria Editrice Vaticana 2005
Serie:Colección Jóvenes, 3
Soggetti:
Tags: Aggiungi Tag
Nessun Tag, puoi essere il primo ad aggiungerne!!

MARC

LEADER 00000nam a2200000 a 4500
001 UCK5621
003 CL-VaPUC
005 20221121154708.0
008 050805e20050000vc 1 spa d
020 |a 8820977362 
082 0 4 |a 230.0711  |b PON  |2 21 
110 2 |a Pontificium Consilium pro Laicis  |e author  |9 620778 
245 1 4 |a Los jóvenes y la universidad: testimoniar a Cristo en el ambiente universitario. VIII Fórum Internacional de Jóvenes, Rocca di Papa, 31 marzo - 4 de abril de 2004 
260 |a Ciudad del Vaticano  |b Libreria Editrice Vaticana  |c 2005 
300 |a 255 p 
490 0 |a Colección Jóvenes, 3 
583 |a last modification  |c 20050805 00:00:00  |k Rodrigo Vera 
650 0 0 |a Cristianismo  |9 257361 
650 0 0 |a Educación superior   |9 223851 
650 0 0 |a Universidad  |9 257557 
650 0 0 |a Jóvenes  |9 326981 
942 |c BK 
945 |a jcarroza  |d 20050805 00:00:00 
546 |a En Español 
536 |a Pontificium Consilium pro Laicis 
518 |p Fórum Internacional de Jóvenes,8, Rocca di Papa, 31 de marzo al 4 de abril de 2004 
999 |c 384154  |d 384152 
952 |0 0  |1 0  |4 0  |6 230_071100000000000_PON_2005  |7 0  |8 A  |9 506647  |a BIBTEO  |b BIBTEO  |d 2020-01-23  |i 4150759  |o 230.0711 PON 2005  |p 4150759  |r 2025-01-17  |w 2020-01-23  |y BK  |k ICR